[Event "SM 2015 Kalajoki"]
[Site "Kalajoki"]
[Date "2015.06.11"]
[Round "5.3"]
[White "Ronka Erik"]
[Black "Luukkonen Tommi"]
[Result "0-1"]
[WhiteElo "2151"]
[BlackElo "2380"]
[PlyCount "94"]
[EventDate "2015.??.??"]
[WhiteClock "1:30:39"]

1. d4 d5 2. c4 e6 3. Nc3 c6 4. Nf3 Nf6 5. Bg5 h6 6. Bh4 g5 7. Bg3 dxc4 8. e4 b5
9. Be2 Bb7 10. Qc2 Nbd7 11. Rd1 a6 12. O-O Nh5 13. d5 Nxg3 14. hxg3 cxd5 15.
exd5 e5 16. Qe4 Qf6 17. Nd4 h5 18. f4 h4 19. Bg4 Nc5 20. Qe3 gxf4 21. gxf4 Nd3
22. fxe5 Qg5 23. Bf5 Bh6 24. Qe4 Qg3 25. Rf3 Qxe5 26. Rdxd3 Qxe4 27. Nxe4 cxd3
28. Nd6+ Kf8 29. Nxb7 d2 30. Rd3 Re8 31. Kf2 Re1 32. Bg4 Rg8 33. Bf3 Bf4 34.
Be2 Rg3 35. Nf3 Rxg2+ 36. Kxg2 Rxe2+ 37. Kf1 Re3 38. Rxd2 Rxf3+ 39. Rf2 Rxf2+
40. Kxf2 Ke7 41. Nc5 Kd6 42. Nxa6 Bd2 43. Ke2 Bc1 44. b3 Ba3 45. Kf3 Kxd5 46.
Nc7+ Kc5 47. Ne8 Bb2 0-1

[Event "XVIII Rhein-Main-Open Saksa 2015"]
[Site "Bad Homburg"]
[Date "2015.06.03"]
[Round "1"]
[White "Varho Ilkka"]
[Black "Wolter Jens"]
[Result "0-1"]
[WhiteElo "1931"]
[BlackElo "2135"]
[PlyCount "124"]
[EventDate "2015.06.03"]
[EventType "swiss"]
[EventRounds "7"]
[EventCountry "GER"]

1. d4 d5 2. Nf3 Nc6 3. e3 Bg4 4. Be2 e6 5. O-O Nf6 6. Nbd2 Bd6 7. b3 Ne7 8. c4
c6 9. Bb2 O-O 10. Rc1 Rc8 11. Ne1 Bxe2 12. Qxe2 Ng6 13. Nd3 Qe7 14. Nf3 Ne4 15.
Nd2 Nxd2 16. Qxd2 Qh4 17. g3 Qh3 18. f3 h5 19. Qg2 Qf5 20. e4 dxe4 21. fxe4 Qg5
22. Rce1 Qa5 23. Ba1 Be7 24. Rc1 Bg5 25. Bc3 Be3+ 26. Kh1 Qg5 27. Rcd1 Rcd8 28.
Ne1 c5 29. d5 Qg4 30. Qf3 Bg5 31. Qxg4 hxg4 32. Nd3 b6 33. Nf2 exd5 34. cxd5
Rfe8 35. Rfe1 Ne7 36. d6 Nc6 37. e5 Re6 38. h4 gxh3 39. Nxh3 Bh6 40. Nf4 Bxf4
41. gxf4 g6 42. Re4 Kf8 43. Be1 Nd4 44. Bh4 Rd7 45. Rexd4 cxd4 46. Rxd4 f5 47.
Kg2 Kf7 48. Rc4 Re8 49. Rc3 Ke6 50. Kg3 Rh8 51. Bf6 Rf8 52. Bg5 Kd5 53. Rc2 Rh8
54. Rc7 Ke6 55. Bf6 Rf8 56. Bg5 Rxc7 57. dxc7 Kd7 58. Bd8 Re8 59. Kh4 Re6 60.
Kg5 Rc6 61. Bf6 Rxc7 62. Kxg6 Ke6 0-1

[Event "XVIII Rhein-Main-Open Saksa 2015"]
[Site "Bad Homburg"]
[Date "2015.06.04"]
[Round "2"]
[White "Pichl Michael"]
[Black "Varho Ilkka"]
[Result "1-0"]
[WhiteElo "2036"]
[BlackElo "1931"]
[PlyCount "77"]
[EventDate "2015.06.03"]
[EventType "swiss"]
[EventRounds "7"]
[EventCountry "GER"]

1. g3 Nf6 2. Bg2 d5 3. Nf3 g6 4. O-O Bg7 5. d3 O-O 6. a3 Nbd7 7. Nc3 c6 8. e4
dxe4 9. dxe4 Qc7 10. Qe2 e5 11. b3 Nc5 12. h3 b6 13. Rd1 Ba6 14. Qe3 Rad8 15.
Bb2 Ne6 16. Ne2 Rxd1+ 17. Rxd1 Nd7 18. Nc1 Rd8 19. h4 Nb8 20. Rxd8+ Nxd8 21.
Nd3 Bxd3 22. Qxd3 c5 23. Bxe5 Bxe5 24. Nxe5 Ne6 25. Ng4 Nc6 26. Nf6+ Kh8 27. f4
Qd8 28. Nd5 Qf8 29. c3 Qd8 30. b4 Ne7 31. Qc4 cxb4 32. axb4 Nxd5 33. exd5 Nc7
34. Qd4+ Kg8 35. c4 Ne6 36. Qe5 Nf8 37. d6 Nd7 38. Qe7 Qc8 39. Bd5 1-0

[Event "XVIII Rhein-Main-Open Saksa 2015"]
[Site "Bad Homburg"]
[Date "2015.06.04"]
[Round "3"]
[White "Varho Ilkka"]
[Black "Kolker Vladislav"]
[Result "0-1"]
[WhiteElo "1931"]
[BlackElo "2013"]
[PlyCount "102"]
[EventDate "2015.06.03"]
[EventType "swiss"]
[EventRounds "7"]
[EventCountry "GER"]

1. d4 Nf6 2. Nf3 g6 3. c4 Bg7 4. Nc3 O-O 5. e3 d6 6. Be2 Nbd7 7. O-O e5 8. dxe5
dxe5 9. Qc2 c6 10. b3 Re8 11. Nd2 Qe7 12. e4 Nf8 13. Nf3 Nh5 14. Re1 Nf4 15.
Bf1 Bg4 16. Nd2 N8e6 17. h3 Nd4 18. Qb2 Be6 19. Ndb1 Qh4 20. Bxf4 exf4 21. Nd2
Bxh3 22. gxh3 Re5 23. Bg2 f3 24. Nxf3 Nxf3+ 25. Bxf3 Qxh3 26. Bg2 Rg5 27. f4
Rxg2+ 28. Qxg2 Qxg2+ 29. Kxg2 Bxc3 30. Rad1 Bxe1 31. Rxe1 Rd8 32. Re2 Rd3 33.
Kf2 h5 34. Rc2 Kf8 35. Ke2 Rh3 36. Rc1 Rh2+ 37. Kd3 Rxa2 38. Rh1 Ke7 39. f5 Rb2
40. Kc3 Rf2 41. fxg6 fxg6 42. Rg1 Kf7 43. Rd1 h4 44. Rd7+ Ke6 45. Rxb7 h3 46.
Rxa7 h2 47. Rh7 g5 48. b4 g4 49. b5 cxb5 50. cxb5 g3 51. b6 Rf8 0-1

[Event "XVIII Rhein-Main-Open Saksa 2015"]
[Site "Bad Homburg"]
[Date "2015.06.05"]
[Round "4"]
[White "Weil Michael"]
[Black "Varho Ilkka"]
[Result "1-0"]
[WhiteElo "1998"]
[BlackElo "1931"]
[PlyCount "103"]
[EventDate "2015.06.03"]
[EventType "swiss"]
[EventRounds "7"]
[EventCountry "GER"]

1. d4 d5 2. Nf3 Nf6 3. e3 Bf5 4. c4 e6 5. Qb3 b6 6. Nc3 Be7 7. Qa4+ Qd7 8.
Qxd7+ Nbxd7 9. cxd5 exd5 10. Bb5 Bb4 11. Bc6 Rd8 12. Bd2 Bxc3 13. Bxc3 O-O 14.
Bb4 Rfe8 15. O-O Re6 16. Rfc1 Nb8 17. Ba4 Na6 18. Ba3 Nd7 19. Bxd7 Rxd7 20. Ne5
Rd8 21. Nc6 Ra8 22. Ne7+ Rxe7 23. Bxe7 Bd7 24. Ba3 c6 25. f3 Re8 26. Kf2 Nc7
27. b4 Nb5 28. Bb2 Nd6 29. Re1 f5 30. Bc3 a6 31. h3 h5 32. h4 Kf7 33. Re2 Kg6
34. Be1 Re7 35. Rc1 Re8 36. Rcc2 Nb5 37. Kg1 f4 38. exf4 Nxd4 39. Rxe8 Bxe8 40.
Rd2 Ne6 41. Re2 Bd7 42. Bd2 Kf6 43. g4 g6 44. Kf2 Be8 45. Re5 Ng7 46. Bc3 Kf7
47. Bd4 Bd7 48. Kg3 b5 49. Bc5 Be6 50. a3 Kf6 51. Bf8 Ne8 52. gxh5 1-0

[Event "VI FC St. Pauli Open Saksa 2015"]
[Site "?"]
[Date "2015.07.18"]
[Round "1"]
[White "Hartikainen Markku"]
[Black "Rogozenco Teodora"]
[Result "0-1"]
[WhiteElo "2285"]
[BlackElo "2004"]
[PlyCount "96"]
[EventDate "2015.??.??"]
[BlackTeam "Hamburger SK"]

1. e4 e5 2. Nf3 Nc6 3. Bb5 a6 4. Ba4 Nf6 5. O-O Be7 6. Re1 b5 7. Bb3 O-O 8. h3
d6 9. c3 Na5 10. Bc2 c5 11. d4 cxd4 12. cxd4 Nc6 13. Nc3 exd4 14. Nd5 Nxd5 15.
exd5 Nb4 16. Nxd4 Bf6 17. Bb3 Re8 18. Rxe8+ Qxe8 19. a3 Qe4 20. Ne2 Nd3 21. Bc2
Bf5 22. Ng3 Qd4 23. Be3 Qxb2 24. Rb1 Nxf2 25. Rxb2 Nxd1 26. Bxd1 Bxb2 27. Nxf5
Bxa3 28. Bf4 Rd8 29. Ne7+ Kf8 30. Nc6 Re8 31. Kf2 Bc5+ 32. Kf3 f6 33. h4 g6 34.
g4 Kf7 35. Bc2 Re1 36. h5 Rf1+ 37. Ke4 f5+ 38. gxf5 gxf5+ 39. Kxf5 Be3 40. Nd8+
Kg8 41. Ne6 a5 42. Bd3 Rd1 43. Be2 Rd2 44. Bxe3 Rxe2 45. Bf4 b4 46. Nd4 Rf2 47.
Ke4 a4 48. Bxd6 b3 0-1

[Event "VI FC St. Pauli Open Saksa 2015"]
[Site "?"]
[Date "2015.07.18"]
[Round "1"]
[White "Miettinen Teemu"]
[Black "Kahlert Thomas"]
[Result "0-1"]
[WhiteElo "1982"]
[BlackElo "2220"]
[PlyCount "68"]
[EventDate "2015.??.??"]
[BlackTeam "SK Norderstedt"]

1. e4 e5 2. Nf3 Nc6 3. d4 exd4 4. Nxd4 Nf6 5. Nc3 Bb4 6. Nxc6 bxc6 7. Bd3 d5 8.
exd5 cxd5 9. O-O O-O 10. Bg5 c6 11. Qf3 Be7 12. Rae1 Be6 13. Nd1 Rb8 14. Ne3
Ne4 15. Bxe7 Qxe7 16. Bxe4 dxe4 17. Qxe4 Rxb2 18. a4 Qc5 19. Ra1 a5 20. Rfd1 g6
21. Qd4 Qxd4 22. Rxd4 Rfb8 23. Kf1 Kf8 24. Rad1 Ke7 25. Nc4 Rxc2 26. Nxa5 Rbb2
27. Kg1 Rc5 28. Nxc6+ Rxc6 29. Ra1 Rcc2 30. Rf4 Ra2 31. Re1 g5 32. Rf5 Re2 33.
Re5 Rxe5 34. Rxe5 Ra1+ 0-1

[Event "VI FC St. Pauli Open Saksa 2015"]
[Site "?"]
[Date "2015.07.19"]
[Round "2"]
[White "Balinski Damian"]
[Black "Miettinen Teemu"]
[Result "1-0"]
[WhiteElo "2201"]
[BlackElo "1982"]
[PlyCount "61"]
[EventDate "2015.??.??"]

1. d4 d5 2. Nf3 Nf6 3. Bf4 e6 4. e3 Bd6 5. Bg3 O-O 6. Bd3 c5 7. c3 Nc6 8. Nbd2
Re8 9. Ne5 Qc7 10. f4 Rb8 11. Bh4 Be7 12. O-O c4 13. Bc2 g6 14. Bg5 b5 15. a3
a5 16. Qe1 Kg7 17. Qh4 h5 18. Rf3 Ng8 19. Rg3 Nxe5 20. fxe5 Bxg5 21. Rxg5 Ne7
22. Qxh5 b4 23. axb4 axb4 24. Rf1 Nf5 25. e4 Rh8 26. Qf3 Qe7 27. Rg4 dxe4 28.
Bxe4 bxc3 29. bxc3 Rh4 30. Rxh4 Nxh4 31. Qg4 {...} 1-0

[Event "VI FC St. Pauli Open Saksa 2015"]
[Site "?"]
[Date "2015.07.19"]
[Round "3"]
[White "Hartikainen Markku"]
[Black "Raider Eugen"]
[Result "1-0"]
[WhiteElo "2285"]
[BlackElo "1977"]
[PlyCount "77"]
[EventDate "2015.??.??"]
[BlackTeam "Königsspr. SC"]

1. e4 c5 2. Nf3 e6 3. d4 cxd4 4. Nxd4 a6 5. c4 Qc7 6. Nc3 b6 7. Be2 Bb7 8. O-O
Nf6 9. Qd3 d6 10. f4 Nbd7 11. b4 Be7 12. Kh1 h6 13. Be3 g5 14. g3 g4 15. Kg1 h5
16. Rac1 Rc8 17. Rfd1 Qb8 18. Bf1 h4 19. Bf2 h3 20. a3 Ba8 21. Re1 Rh5 22. Be3
b5 23. cxb5 axb5 24. Ndxb5 d5 25. e5 Rxe5 26. fxe5 Nxe5 27. Qd1 d4 28. Bf4 Qb7
29. Rxe5 Qh1+ 30. Kf2 Qxh2+ 31. Ke1 dxc3 32. Nd6+ Bxd6 33. Qxd6 Rc6 34. Qb8+
Ke7 35. Qxa8 Nd5 36. Rxd5 exd5 37. Qxc6 Qb2 38. Qd6+ Ke8 39. Bb5# 1-0

[Event "VI FC St. Pauli Open Saksa 2015"]
[Site "?"]
[Date "2015.07.19"]
[Round "4"]
[White "Andersen Jens Knud"]
[Black "Hartikainen Markku"]
[Result "0-1"]
[WhiteElo "2164"]
[BlackElo "2285"]
[PlyCount "94"]
[EventDate "2015.??.??"]
[WhiteTeam "SK Mering"]

1. f4 Nf6 2. Nf3 g6 3. g3 Bg7 4. Bg2 O-O 5. d3 d6 6. O-O c5 7. c4 Nc6 8. Nc3 a6
9. h3 Rb8 10. a4 Bd7 11. e4 Ne8 12. g4 Nc7 13. f5 b5 14. axb5 axb5 15. Qe1 Nd4
16. Nxd4 Bxd4+ 17. Kh1 bxc4 18. dxc4 Rb4 19. Qe2 Qb8 20. Ra2 Bc6 21. Nd5 Nxd5
22. exd5 Ba4 23. fxg6 hxg6 24. Qxe7 Rb7 25. Qe2 Bb3 26. Ra5 Rb4 27. Rb5 Rxb5
28. cxb5 Ba4 29. b6 Qxb6 30. Qe7 Qd8 31. Rxf7 Qxe7 32. Rxe7 Rf2 33. Re6 Be5 34.
Be3 Rxb2 35. Rxe5 dxe5 36. Bxc5 Kf7 37. Bd6 Kf6 38. Bc7 Rd2 39. Be4 Bc2 40. g5+
Kxg5 41. Bxc2 Rxc2 42. Bxe5 Kh4 43. d6 Kxh3 44. Kg1 Kg4 45. Bf6 Rd2 46. Be7 g5
47. Bf8 Kg3 0-1

[Event "VI FC St. Pauli Open Saksa 2015"]
[Site "?"]
[Date "2015.07.19"]
[Round "4"]
[White "Weber Bernhard"]
[Black "Miettinen Teemu"]
[Result "1-0"]
[WhiteElo "2138"]
[BlackElo "1982"]
[PlyCount "63"]
[EventDate "2015.??.??"]
[WhiteTeam "Lübecker SV"]

1. d4 d6 2. g3 Nf6 3. Bg2 g6 4. c4 Bg7 5. Nc3 O-O 6. Nf3 Nbd7 7. O-O c6 8. Qc2
Qc7 9. a4 a5 10. b3 Nb8 11. Ba3 Na6 12. e4 Re8 13. Rfd1 Bd7 14. Qd2 Rad8 15. h3
Qc8 16. Kh2 Nb4 17. Rac1 h6 18. Qe3 g5 19. e5 Nh5 20. Nxg5 Nxg3 21. Qxg3 hxg5
22. Qxg5 dxe5 23. dxe5 Bf5 24. Be4 Bxe4 25. Nxe4 f6 26. exf6 Qc7+ 27. Kh1 exf6
28. Nxf6+ Kf7 29. Qh5+ Kxf6 30. Bb2+ Ke6 31. Qg6+ Bf6 32. Qxf6# 1-0

[Event "VI FC St. Pauli Open Saksa 2015"]
[Site "?"]
[Date "2015.07.20"]
[Round "5"]
[White "Hartikainen Markku"]
[Black "Poghosyan Tigran"]
[Result "1-0"]
[WhiteElo "2285"]
[BlackElo "2113"]
[PlyCount "51"]
[EventDate "2015.??.??"]
[BlackTeam "Lübecker SV"]

1. e4 c5 2. Nf3 d6 3. d4 cxd4 4. Nxd4 Nf6 5. Nc3 a6 6. Bg5 Nbd7 7. f4 Qc7 8.
Qd2 e6 9. O-O-O b5 10. Bd3 Be7 11. Rhe1 Bb7 12. Kb1 b4 13. Na4 Qa5 14. b3 h6
15. Bh4 g5 16. fxg5 Nh7 17. a3 d5 18. exd5 Bxd5 19. Bxh7 hxg5 20. Bxg5 Rxh7 21.
Bxe7 Kxe7 22. axb4 Qc7 23. c4 Bc6 24. Qg5+ Kf8 25. Nc5 Qb6 26. Nxc6 1-0

[Event "VI FC St. Pauli Open Saksa 2015"]
[Site " "]
[Date "2015.07.22"]
[Round "6"]
[White "Socko Bartosz"]
[Black "Hartikainen Markku"]
[Result "1-0"]
[WhiteElo "2624"]
[BlackElo "2285"]
[PlyCount "91"]
[EventDate "2015.07.18"]
[EventType "swiss"]
[EventRounds "9"]
[EventCountry "GER"]
[WhiteTeam "USV TU Dresden"]

1. d4 Nf6 2. c4 g6 3. Nc3 Bg7 4. e4 O-O 5. Nge2 d6 6. f3 c5 7. Be3 cxd4 8. Nxd4
Nc6 9. Be2 Nxd4 10. Bxd4 Be6 11. Qd2 Qa5 12. Rc1 Rfc8 13. b3 a6 14. Qb2 Nh5 15.
Bxg7 Kxg7 16. O-O Qe5 17. Rf2 Kg8 18. Qd2 Qf4 19. Bf1 Qxd2 20. Rxd2 Rc7 21. Kf2
Rac8 22. Rdc2 Nf6 23. Ke3 Nd7 24. f4 Kf8 25. Be2 f5 26. exf5 gxf5 27. Rd2 Nf6
28. a4 Rc5 29. h3 h5 30. Bf3 b5 31. Bb7 R8c7 32. Bxa6 bxc4 33. b4 R5c6 34. b5
Rb6 35. a5 Rb8 36. b6 Rc5 37. Ra1 Bd7 38. Rb2 Bc6 39. Kd4 Nd7 40. Bb5 e5+ 41.
Ke3 exf4+ 42. Kxf4 Ne5 43. Bxc6 Nd3+ 44. Ke3 Rxc6 45. Rb5 Nc5 46. a6 1-0

[Event "TCH OPEN B 2015"]
[Site "?"]
[Date "2015.07.24"]
[Round "1"]
[White "Heredia Serrano Carla"]
[Black "Pesola Jyrki"]
[Result "1-0"]
[WhiteElo "2168"]
[BlackElo "1936"]
[PlyCount "67"]
[EventDate "2015.07.24"]

1. e4 c5 2. Nf3 Nf6 3. Nc3 d5 4. Bb5+ Bd7 5. e5 d4 6. exf6 dxc3 7. fxg7 cxd2+
8. Qxd2 Bxg7 9. Bc4 O-O 10. O-O Qc7 11. Qg5 e5 12. Be3 b5 13. Bd5 Bc6 14. Bxc6
Qxc6 15. Nxe5 Qe4 16. Nf3 Qxc2 17. Bxc5 Re8 18. Bd4 Qg6 19. Qxb5 Nc6 20. Bxg7
Kxg7 21. Rac1 Re6 22. Rc5 h6 23. Rfc1 Rb8 24. Qc4 Ne7 25. Ne5 Qh7 26. Nxf7 Rf6
27. Ne5 Rxb2 28. Qg4+ Kh8 29. Rc8+ Ng8 30. f3 Rxa2 31. Rxg8+ Qxg8 32. Rc8 Rf8
33. Rxf8 Qxf8 34. Ng6+ 1-0

[Event "XXVIII Panevezys Open Liettua 2015"]
[Site "Panevezys"]
[Date "2015.08.17"]
[Round "1.4"]
[White "Sipila Vilka"]
[Black "Brazdzionis Andrius"]
[Result "1-0"]
[WhiteElo "2410"]
[BlackElo "2138"]
[PlyCount "77"]
[EventDate "2015.08.17"]
[EventRounds "9"]
[EventCountry "LTU"]

1. c4 Nf6 2. g3 c6 3. Bg2 d5 4. Nf3 dxc4 5. O-O b5 6. a4 Bb7 7. b3 cxb3 8. Qxb3
a6 9. Ba3 e6 10. Bxf8 Kxf8 11. Nc3 Nbd7 12. Nd4 Qb6 13. axb5 cxb5 14. Ndxb5
Bxg2 15. Qa3+ Nc5 16. Kxg2 Rd8 17. d4 axb5 18. dxc5 Qc6+ 19. f3 Ke7 20. Qb4 Rd7
21. Ra5 Rb8 22. e4 e5 23. Rc1 Rd4 24. Qb2 Rbd8 25. Qxb5 Rd2+ 26. Kg1 Qe6 27.
Qf1 Qb3 28. Rb5 Qa3 29. c6 Qa7+ 30. Kh1 Qe3 31. Rxe5+ Kd6 32. f4 Kc7 33. Nb5+
Kb6 34. Nd6 Kc7 35. Nc4 Qb3 36. Re7+ Kc8 37. Rb7 Rxh2+ 38. Kxh2 Ng4+ 39. Kh3
1-0

[Event "XXVIII Panevezys Open Liettua 2015"]
[Site "Panevezys"]
[Date "2015.08.18"]
[Round "2.3"]
[White "Kalvaitis Sigitas"]
[Black "Sipila Vilka"]
[Result "0-1"]
[WhiteElo "2243"]
[BlackElo "2410"]
[PlyCount "62"]
[EventDate "2015.08.17"]
[EventRounds "9"]
[EventCountry "LTU"]

1. e4 e5 2. Nf3 Nc6 3. Bb5 a6 4. Bxc6 dxc6 5. O-O Be7 6. Nc3 Bf6 7. d3 Ne7 8.
Nd2 Be6 9. Nc4 Qd7 10. Be3 h5 11. Qe2 g5 12. Na4 b6 13. Naxb6 cxb6 14. Nxb6 Qd8
15. Nxa8 Qxa8 16. Qd2 g4 17. d4 Ng6 18. Rad1 exd4 19. Bxd4 Bxd4 20. Qxd4 O-O
21. Qf6 c5 22. Rfe1 Qb8 23. b3 c4 24. e5 Qb4 25. bxc4 h4 26. Re3 Qxc4 27. a3
Qxc2 28. Red3 h3 29. gxh3 gxh3 30. Qg5 Qe2 31. f4 Bg4 0-1

[Event "XXVIII Panevezys Open Liettua 2015"]
[Site "Panevezys"]
[Date "2015.08.18"]
[Round "3.2"]
[White "Sipila Vilka"]
[Black "Laurusas Tomas"]
[Result "1/2-1/2"]
[WhiteElo "2410"]
[BlackElo "2421"]
[PlyCount "82"]
[EventDate "2015.08.17"]
[EventRounds "9"]
[EventCountry "LTU"]

1. d4 d5 2. c4 c6 3. Nf3 Nf6 4. Nc3 dxc4 5. a4 Bf5 6. Nh4 Bd7 7. e3 Bg4 8. f3
Bh5 9. g4 Bg6 10. Bxc4 e6 11. O-O Nbd7 12. f4 Nd5 13. Ng2 Nxc3 14. bxc3 Be4 15.
f5 Nb6 16. Bd3 Bxd3 17. Qxd3 Bd6 18. a5 Nd5 19. fxe6 fxe6 20. a6 b5 21. c4 bxc4
22. Qxc4 Qd7 23. e4 Nb6 24. Qc3 Rf8 25. Be3 Rf7 26. Qc2 g6 27. Qc3 Qc7 28. Qb3
Qd7 29. Qc3 Qc7 30. h3 Rxf1+ 31. Rxf1 O-O-O 32. Nf4 Qd7 33. Nxe6 Re8 34. Nc5
Qc7 35. Qb3 Bxc5 36. dxc5 Qg3+ 37. Kh1 Qxh3+ 38. Kg1 Qxg4+ 39. Kh2 Qh4+ 40. Kg1
Qg3+ 41. Kh1 Qh4+ 1/2-1/2

[Event "XXVIII Panevezys Open Liettua 2015"]
[Site "Panevezys"]
[Date "2015.08.19"]
[Round "4.1"]
[White "Kashtanov Ruslan"]
[Black "Sipila Vilka"]
[Result "0-1"]
[WhiteElo "2322"]
[BlackElo "2410"]
[PlyCount "68"]
[EventDate "2015.08.17"]
[EventRounds "9"]
[EventCountry "LTU"]

1. Nf3 Nf6 2. c4 g6 3. g3 Bg7 4. Bg2 O-O 5. O-O d6 6. Nc3 e5 7. d4 Nbd7 8. h3
c6 9. e4 Qb6 10. Re1 exd4 11. Nxd4 Re8 12. Re2 Qb4 13. Rc2 Nc5 14. f3 d5 15. a3
Qb6 16. b4 Nfxe4 17. fxe4 Nb3 18. c5 Bxd4+ 19. Kh2 Qd8 20. Rb1 Bxc3 21. Rxb3 d4
22. Qf3 f5 23. Rbxc3 fxe4 24. Qf1 dxc3 25. Qc4+ Qd5 26. Qxc3 Qd3 27. Qf6 Re6
28. Qb2 e3 29. Re2 Re8 30. Bxe3 Re7 31. Qa2+ Be6 32. Qd2 Bc4 33. Re1 Rae8 34.
Bf1 Qxd2+ 0-1

[Event "XXVIII Panevezys Open Liettua 2015"]
[Site "Panevezys"]
[Date "2015.08.20"]
[Round "6.2"]
[White "Sipila Vilka"]
[Black "Klabis Rokas"]
[Result "1-0"]
[WhiteElo "2410"]
[BlackElo "2201"]
[PlyCount "89"]
[EventDate "2015.08.17"]
[EventRounds "9"]
[EventCountry "LTU"]

1. c4 e5 2. g3 Nc6 3. Bg2 g6 4. b3 Bg7 5. Bb2 Nge7 6. Nc3 d6 7. Nf3 O-O 8. O-O
Be6 9. d4 exd4 10. Nb5 d3 11. Bxg7 dxe2 12. Qxe2 Kxg7 13. Rad1 Qc8 14. Ng5 a6
15. Nxc7 Qxc7 16. Qxe6 h6 17. Qxf7+ Rxf7 18. Ne6+ Kh7 19. Nxc7 Rc8 20. Ne6 Nf5
21. Be4 Re8 22. Bxf5 Rxf5 23. Rxd6 Ne5 24. Nd4 Rf7 25. Re1 Nxc4 26. Rde6 Rxe6
27. Rxe6 Nd2 28. Rb6 Ne4 29. Ne6 g5 30. f4 gxf4 31. Nxf4 Rc7 32. Ne6 Rc1+ 33.
Kg2 Rc2+ 34. Kf3 Nd2+ 35. Kg4 Nf1 36. Rxb7+ Kg6 37. Nf4+ Kf6 38. Rb6+ Ke5 39.
h4 h5+ 40. Kxh5 Kf5 41. g4+ Kxf4 42. Rf6+ Kg3 43. Rxf1 Rh2 44. Rg1+ Kf2 45. Rc1
1-0

[Event "XXVIII Panevezys Open Liettua 2015"]
[Site "Panevezys"]
[Date "2015.08.21"]
[Round "7.1"]
[White "Sisatto Olli"]
[Black "Sipila Vilka"]
[Result "0-1"]
[WhiteElo "2268"]
[BlackElo "2410"]
[PlyCount "84"]
[EventDate "2015.08.17"]
[EventRounds "9"]
[EventCountry "LTU"]

1. d4 Nf6 2. Nf3 g6 3. Bf4 Bg7 4. e3 O-O 5. Be2 c5 6. c3 b6 7. O-O Bb7 8. Nbd2
d6 9. h3 Nbd7 10. Bh2 Qc7 11. a4 a6 12. Qb3 Bc6 13. Qa3 Qb7 14. b4 Ne4 15. Nxe4
Bxe4 16. Rfd1 Rfc8 17. Ne1 cxd4 18. cxd4 b5 19. axb5 axb5 20. Qb2 Ra4 21. Rdc1
Rxc1 22. Rxc1 Bf8 23. Bd1 Ra8 24. Be2 Qa6 25. Bg3 Nb6 26. f3 Bd5 27. e4 Bc4 28.
Bf2 e6 29. Bxc4 bxc4 30. b5 Qa5 31. d5 exd5 32. exd5 Bg7 33. Qc2 Rc8 34. Rb1
Nxd5 35. b6 Qa6 36. b7 Rb8 37. Qd2 Rxb7 38. Rd1 Rb5 39. Nc2 Rb2 40. Qe2 Qa4 41.
Rxd5 Rxc2 42. Qe4 Qa1+ 0-1

[Event "XXVIII Panevezys Open Liettua 2015"]
[Site "Panevezys"]
[Date "2015.08.22"]
[Round "8.1"]
[White "Sipila Vilka"]
[Black "Lapshun Yury"]
[Result "1/2-1/2"]
[WhiteElo "2410"]
[BlackElo "2439"]
[PlyCount "162"]
[EventDate "2015.08.17"]
[EventRounds "9"]
[EventCountry "LTU"]

1. e4 e5 2. Nf3 Nc6 3. Bb5 a6 4. Ba4 Nf6 5. O-O b5 6. Bb3 Be7 7. d4 d6 8. c3
O-O 9. h3 Re8 10. Ng5 Rf8 11. f4 h6 12. Nf3 Bb7 13. Re1 Nd7 14. Nbd2 Na5 15.
Bc2 Bf6 16. Nf1 c5 17. dxe5 dxe5 18. f5 Qe7 19. Ne3 Rfd8 20. Qe2 c4 21. b4 Nc6
22. a4 Nd4 23. Qf2 Nxc2 24. Qxc2 Nb6 25. a5 Nc8 26. Ng4 Nd6 27. Nf2 Bh4 28. Be3
Bxf2+ 29. Bxf2 Rd7 30. Bb6 Bc6 31. Re3 Rb8 32. Bc5 Qf6 33. Nh2 Qd8 34. Ng4 Nxf5
35. Re2 Ng3 36. Nxe5 Bxe4 37. Rxe4 Rd2 38. Qb1 Qd5 39. Nf3 Nxe4 40. Nxd2 Nxd2
41. Qe1 Rd8 42. Bb6 Rd6 43. Ra2 Ne4 44. Bd4 Re6 45. Qf1 Qg5 46. Rc2 Nd2 47. Qf2
Re1+ 48. Kh2 Nf1+ 49. Kg1 Rd1 50. Re2 Ng3+ 51. Re1 Ne4 52. Rxd1 Nxf2 53. Bxf2
Qf6 54. Bd4 Qe6 55. Kf2 Qf5+ 56. Kg1 Qe4 57. Kf1 Qf4+ 58. Kg1 f5 59. Re1 Kf7
60. Re5 g5 61. Re3 h5 62. g3 Qd6 63. Re5 Kg6 64. Kf2 Qc6 65. Re1 g4 66. hxg4
fxg4 67. Kg1 Qf3 68. Re6+ Kf7 69. Re3 Qf5 70. Re5 Qh7 71. Re3 h4 72. gxh4 Qxh4
73. Be5 Kg6 74. Bg3 Qf6 75. Kg2 Kf5 76. Kg1 Qh8 77. Kg2 Qa8+ 78. Kg1 Qd5 79.
Bf2 Kf4 80. Rg3 Qe4 81. Kh2 Qe2 1/2-1/2

[Event "XXVIII Panevezys Open Liettua 2015"]
[Site "Panevezys"]
[Date "2015.08.23"]
[Round "9.1"]
[White "Smirnov Artem"]
[Black "Sipila Vilka"]
[Result "0-1"]
[WhiteElo "2440"]
[BlackElo "2410"]
[PlyCount "108"]
[EventDate "2015.08.17"]
[EventRounds "9"]
[EventCountry "LTU"]

1. d4 Nf6 2. c4 g6 3. Nc3 Bg7 4. e4 d6 5. Nf3 O-O 6. Be2 e5 7. d5 a5 8. Bg5 h6
9. Be3 Ng4 10. Bc1 Na6 11. h3 Nf6 12. Be3 Nh5 13. Ng1 f5 14. exf5 Nf4 15. Bxf4
exf4 16. fxg6 Qg5 17. Kf1 Nc5 18. Bg4 Qxg6 19. Qb1 Qxb1+ 20. Rxb1 Bxc3 21. bxc3
Ne4 22. Rb2 Nxc3 23. Ne2 Na4 24. Rd2 Rb8 25. Rd4 b5 26. Bxc8 Rfxc8 27. cxb5
Rxb5 28. Kg1 Rb4 29. Rxb4 axb4 30. Kh2 c5 31. dxc6 Nc3 32. Nd4 Kf7 33. Re1 Nxa2
34. Rb1 Ke7 35. Rb2 Ra8 36. Nb5 d5 37. Re2+ Kf6 38. Rb2 Ke7 39. Re2+ Kf6 40.
Nd6 Nc3 41. Rb2 Ke6 42. Nb7 d4 43. Nc5+ Kd6 44. Nd3 Nd5 45. Nxb4 Nxb4 46. Rxb4
Kc5 47. Rb1 d3 48. g4 fxg3+ 49. Kxg3 Kd4 50. c7 Rc8 51. f4 Rxc7 52. f5 d2 53.
Kf4 Rc1 54. Rb8 Rf1+ 0-1

[Event "XXVIII Panevezys Open Liettua 2015"]
[Site "Panevezys"]
[Date "2015.08.17"]
[Round "1.8"]
[White "Sisatto Olli"]
[Black "Dragun Valentin"]
[Result "1/2-1/2"]
[WhiteElo "2268"]
[BlackElo "2073"]
[PlyCount "66"]
[EventDate "2015.08.17"]
[EventRounds "9"]
[EventCountry "LTU"]

1. d4 g6 2. g3 Bg7 3. Bg2 Nf6 4. Nf3 O-O 5. O-O d6 6. a4 a5 7. Nc3 Nc6 8. d5
Nb4 9. e4 e6 10. h3 Re8 11. Nd4 exd5 12. exd5 Bd7 13. Be3 Qc8 14. Kh2 h5 15.
Qd2 Bf5 16. Nxf5 Qxf5 17. Rac1 Nd7 18. Nb5 Rac8 19. c3 Nd3 20. Rcd1 N3c5 21.
Nd4 Bxd4 22. Qxd4 b6 23. Qh4 Ne5 24. Bd4 Nf3+ 25. Bxf3 Qxf3 26. Qg5 Nd7 27. g4
hxg4 28. Qxg4 Ne5 29. Bxe5 Qxg4 30. hxg4 Rxe5 31. Kg3 Rce8 32. Rd4 R8e7 33. b4
Re2 1/2-1/2

[Event "XXVIII Panevezys Open Liettua 2015"]
[Site "Panevezys"]
[Date "2015.08.18"]
[Round "2.6"]
[White "Radkov Bazhen D."]
[Black "Sisatto Olli"]
[Result "0-1"]
[WhiteElo "2084"]
[BlackElo "2268"]
[PlyCount "86"]
[EventDate "2015.08.17"]
[EventRounds "9"]
[EventCountry "LTU"]

1. d4 Nf6 2. c4 e6 3. Nf3 d5 4. e3 Be7 5. b3 O-O 6. Bd3 b6 7. O-O Bb7 8. Bb2
Nbd7 9. Qe2 c5 10. Nbd2 Rc8 11. Rac1 Rc7 12. Rfe1 Qa8 13. cxd5 Nxd5 14. a3 Rfc8
15. Ne5 N5f6 16. Ba6 cxd4 17. Rxc7 Rxc7 18. Bxb7 Qxb7 19. Nxd7 Nxd7 20. exd4
Rc2 21. Bc1 Qc8 22. Qd1 Bg5 23. g3 Qc3 24. f4 Bf6 25. Ne4 Qxd4+ 26. Kh1 Qxd1
27. Rxd1 Nc5 28. Nxf6+ gxf6 29. b4 Ne4 30. Rd8+ Kg7 31. Be3 Rc3 32. Bd4 Rxa3
33. Rd7 Rb3 34. Rxa7 Rxb4 35. Ba1 b5 36. Kg2 Ra4 37. Rxa4 bxa4 38. Kf3 Nc5 39.
g4 a3 40. g5 a2 41. Bxf6+ Kg6 42. h4 h5 43. Ke3 Kf5 0-1

[Event "XXVIII Panevezys Open Liettua 2015"]
[Site "Panevezys"]
[Date "2015.08.19"]
[Round "4.2"]
[White "Paleologu Vladimir"]
[Black "Sisatto Olli"]
[Result "0-1"]
[WhiteElo "2080"]
[BlackElo "2268"]
[PlyCount "46"]
[EventDate "2015.08.17"]
[EventRounds "9"]
[EventCountry "LTU"]

1. e4 e5 2. Bc4 Nf6 3. Qe2 Nc6 4. Nf3 Bc5 5. c3 d6 6. d3 Be6 7. Nbd2 O-O 8. h3
a6 9. Bb3 Ba7 10. Nf1 Bxb3 11. axb3 Nd7 12. g4 Nc5 13. Qc2 d5 14. Be3 d4 15.
Bg5 f6 16. cxd4 fxg5 17. Qc4+ Kh8 18. N1d2 b5 19. Qc2 Nxd4 20. Nxd4 Qxd4 21.
O-O Qxd3 22. Qxd3 Nxd3 23. Kg2 Bd4 0-1